Score 0/15 Timer 03:00
676 Plays Today
% Correct
Charlie's Angels
92.5%
Breaking Bad
92.5%
Full House
89.2%
30 Rock
88.7%
Miami Vice
87.2%
Knight Rider
86.2%
Happy Days
85.3%
Doctor Who
85.1%
% Correct
Family Matters
83.6%
Fantasy Island
82.9%
The Sopranos
81.2%
The Jeffersons
80.1%
Mad Men
78.5%
Growing Pains
78.2%
Hey Arnold
75.4%

You're not logged in!

Compare scores with friends on all Sporcle quizzes.
OR
Log In

Sporcle TV

Today on Sporcle TV


Watch our educational content, quiz creation guides, and fun videos on Sporcle TV.

Show Comments

Extras

Top Quizzes Today


Score Distribution

Paid Content

Your Account Isn't Verified!

In order to create a playlist on Sporcle, you need to verify the email address you used during registration. Go to your Sporcle Settings to finish the process.

Report this User

Report this user for behavior that violates our Community Guidelines.

Details: